000 00705nam a2200217 a 4500
001 BRCA_1981
005 20190320203626.0
008 101005s1965----gw-a---###---#000-0#ger-d
050 4 _aNK4700.6
_b.N54 1965
100 1 _aNienholdt, Eva
_96078
245 1 0 _aKatalog der Lipperheideschen Kostümbibliothek
_cEva Nienholdt y Gretel Wagner-Neumann.
260 _aBerlín
_bVerlag Gebr. Mann
_c1965
300 _axix, 593 p.
_bil.
_c30 cm.
504 _aBibliografía : p. xix
505 0 _aContenido : v.1. Band A-Q
650 1 4 _aIndumentaria
_vBibliografía
_ySiglo XVI-XX
_96079
650 1 4 _aIndumentaria
_vDiccionarios
_96080
700 1 _aWagner-Neumann, Gretel
_96081
902 _aREF
942 _2lcc
_cB
999 _c1750
_d1750